1996: NFL Teams with the Most Points - Statistics

General Stats
  • This quiz has been taken 13 times
  • The average score is 7 of 10
Answer Stats
Number of points NFL Team % Correct
456 Green Bay Packers
100%
391 Denver Broncos
91%
418 New England Patriots
82%
398 San Francisco 49ers
82%
372 Cincinnati Bengals
73%
363 Philadelphia Eagles
73%
364 Washington Redskins
64%
371 Baltimore Ravens
45%
345 Houston Oilers
45%
367 Carolina Panthers
36%
No matching quizzes found
Score Distribution
Percent of People with Each Score
Percentile by Number Answered
Your Score History
You have not taken this quiz